000 00643nam a2200217 i 4500
001 bg
245 0 0 _aNowy atlas świata :
_bnew world edition /
_c[red. Hannelore Anders et al. ; przekł. z niem. Irena Górska et al.].
250 _a[Wyd. zaktual.].
260 _aWarszawa :
_bGeoCenter,
_c1998.
300 _aXXIV, 375, [1] s. :
_bfot. kolor., mapy ;
_c35 cm.
504 _aIndeksy.
650 9 _aAtlas geograficzny
700 1 _aANDERS, Hannelore.
_eRed.
020 _a8387221120
040 _cBPK
041 1 _apl
_hde
080 _a912(100)
920 _a83-87221-12-0
942 _cKS
008 s pl f |000 0 pol
999 _c33258
_d33258
856 _uhttp://koha.tu.koszalin.pl/cgi-bin/koha/opac-detail.pl?biblionumber=33258
_yKatalog online BPK